| 000 | 00607nam a2200217Ia 4500 | ||
|---|---|---|---|
| 003 | BUBTL | ||
| 008 | 151213s9999 xx 000 0 und d | ||
| 020 | _a9847021500223 | ||
| 082 | _a345.05/ H211c/ 2007 | ||
| 100 |
_aHaque, Md. Zahurul _95251 |
||
| 245 |
_aThe Code of Criminal Procedure - 1898 : _cMd. Zahurul Haque |
||
| 250 | _a2nd edn. | ||
| 260 |
_aDhaka _bShams Publications _cc2007 |
||
| 300 |
_a[32], 442p. : _b22 cm. |
||
| 650 | _aLaw | ||
| 650 | _a | ||
| 700 |
_aMd. Zahurul Haque _95252 |
||
| 856 |
_k0 _l0 _yDownload |
||
| 942 |
_2ddc _cBK |
||
| 999 |
_c4033 _d4033 |
||